Statistiken für Flaggen der Bundesländer

Klicken Sie hier um das Quiz zu spielen!

Allgemein

  • Dieses Quiz wurde 705 mal gespielt
  • Das Durchschnittsergebnis liegt bei 11 aus 16

Antwortstatistiken

FlaggeBundesland% Korrekt
Bayern
99%
Berlin
95%
Hamburg
87%
Niedersachsen
79%
Baden-Württemberg
69%
Sachsen-Anhalt
67%
Sachsen
66%
Brandenburg
62%
Bremen
59%
Nordrhein-Westfalen
59%
Rheinland-Pfalz
57%
Saarland
57%
Mecklenburg-Vorpommern
55%
Schleswig-Holstein
54%
Thüringen
53%
Hessen
53%

Verteilung der Resultate

Perzentil nach korrekt beantworteten Fragen

Anzahl Personen mit jedem Resultat

Ihre Resultats-Entwicklung

Sie haben dieses Quiz noch nicht gespielt